| 000 | 00466nam a2200145Ia 4500 | ||
|---|---|---|---|
| 008 | 230917s9999||||xx |||||||||||||| ||und|| | ||
| 040 |
_e47771 _aMAIN |
||
| 041 | _aEnglish | ||
| 082 | _a859.09 P746M | ||
| 100 | _aPlutarch | ||
| 245 | 0 | _aMakers of Rome: Nine lives Coriolanus, Fabius Maximus, Macellus, Cato the Elder, Tiberius Gracchus, Gaius Gracchus, Sertorius, Brutus, Mark Antony | |
| 260 |
_aMiddlesex _bPenguin Books _c1965 |
||
| 300 | _a366 p. | ||
| 942 | _cBK | ||
| 999 |
_c51426 _d51426 |
||